| 000 | 00686nam a2200217 a 4500 | ||
|---|---|---|---|
| 001 | 000005585 | ||
| 003 | DO-SdBNP | ||
| 005 | 20240830110646.0 | ||
| 008 | 090820s1971 sp 001 0 spa d | ||
| 040 |
_aDO-SdBNP _cDO-SdBNP _erda |
||
| 049 | _aBNPD | ||
| 082 |
_axxx _bE74c |
||
| 100 | 1 |
_aEscueva Martínez, Manuel _915772 |
|
| 245 | 1 | 3 |
_aLa colección teatral "La farsa" / _cManuel Escueva Martínez. |
| 260 |
_aMadrid : _bConsejo Superior de Investigaciones Científicas, _c1971. |
||
| 300 |
_a511 p. ; _c23 cm. |
||
| 490 | 0 |
_aAnejos de la revista Segismundo _v3 |
|
| 500 | _aIncluye tabla de contenido | ||
| 830 | 0 |
_aAnejos de la revista Segismundo _n3 _915773 |
|
| 942 |
_2ddc _cLBS1 |
||
| 999 |
_c5384 _d5384 |
||